Customization choices: consumer product decisions in mass customization environments (Record no. 39334)

MARC details
000 -LEADER
fixed length control field 00783nam a2200205 a 4500
008 - FIXED-LENGTH DATA ELEMENTS--GENERAL INFORMATION
fixed length control field 100325s2003 ||||||||||||||||| || u
020 ## - INTERNATIONAL STANDARD BOOK NUMBER
International Standard Book Number 909016751X
050 ## - LIBRARY OF CONGRESS CALL NUMBER
Classification number HF 5415.32 Vin
100 ## - MAIN ENTRY--PERSONAL NAME
Personal name Vink, Niels Y
245 10 - TITLE STATEMENT
Title Customization choices: consumer product decisions in mass customization environments
260 ## - PUBLICATION, DISTRIBUTION, ETC.
Place of publication, distribution, etc. Rotterdam:
Name of publisher, distributor, etc. TUDelft
Date of publication, distribution, etc. 2003
300 ## - PHYSICAL DESCRIPTION
Extent [xii], 220p.: ill.
350 ## - PRICE (NR) (BK AM CF MU VM SE) [OBSOLETE]
Price 0.00
500 ## - GENERAL NOTE
General note Accompanied with a CD-ROM [see CBU Reference Librarian]
650 #0 - SUBJECT ADDED ENTRY--TOPICAL TERM
Topical term or geographic name entry element BUSINESS
650 #0 - SUBJECT ADDED ENTRY--TOPICAL TERM
Topical term or geographic name entry element MARKETING--MANAGEMENT--CASE STUDIES
650 ## - SUBJECT ADDED ENTRY--TOPICAL TERM
Topical term or geographic name entry element INTERNET
650 ## - SUBJECT ADDED ENTRY--TOPICAL TERM
Topical term or geographic name entry element CONSUMER BEHAVIOUR
995 ## - RECOMMENDATION 995 [LOCAL, UNIMARC FRANCE]
-- 0.00
-- CBU-MAIN LIBRARY (Kitwe)
-- 1
-- 0.00
-- 1
-- AVAILABLE
-- Apr 15, 2010
-- Main Library Open Access Collection
Holdings
Withdrawn status Lost status Source of classification or shelving scheme Damaged status Not for loan Home library Current library Shelving location Date acquired Total Checkouts Full call number Barcode Date last seen Price effective from Koha item type
          CBU-MAIN LIBRARY, KITWE. CBU-MAIN LIBRARY, KITWE.   11/30/2022   HF 5415.32 Vin 741215 11/30/2022 11/30/2022 MONOGRAPH